000 00447nam a22001817a 4500
999 _c163497
_d163497
005 20190420161415.0
010 _aB-019664
020 _c300.00
035 _aB-019664
037 _bBPPD/PUB
082 _a230.1
100 _aRajendra Arun
245 _aSita :
_cRajendra Arun
_bThe divin mother /
260 _aNew Delhi
_bOcean Books
_c2000
300 _a281p.
_c22cm(Hb)
942 _2ddc
_cEN
_h230.1
_mRAJ